书目信息 |
| 题名: |
神话选译百题
|
|
| 作者: | 袁珂 选译 | |
| 分册: | ||
| 出版信息: | 上海 上海古籍出版社 1980.08 |
|
| 页数: | 296页 | |
| 开本: | 19cm | |
| 丛书名: | ||
| 单 册: | ||
| 中图分类: | I276.5 | |
| 科图分类: | ||
| 主题词: | 民间文学--中国 | |
| 电子资源: | ||
| ISBN: | ||
| 000 | 00579nam0 2200205 45 | |
| 001 | 0203261305 | |
| 005 | 20070731111547.42 | |
| 010 | @dCNY0.76 | |
| 091 | @a10186.186 | |
| 100 | @a20020326d1980 km y0chiy0120 ea | |
| 101 | @achi | |
| 105 | @aa z 000yy | |
| 200 | 1 | @a神话选译百题@AShen Hua Xuan Yi Bai Ti@f袁珂选译@FYuan Ke Xuan Yi |
| 210 | @a上海@c上海古籍出版社@d1980.08 | |
| 215 | @a296页@c插图@d19cm | |
| 606 | 0 | @a民间文学@x中国 |
| 690 | @aI276.5@v3 | |
| 701 | 0 | @a袁珂@4选译 |
| 801 | @aCN@bTSTC@c20070731 | |
| 905 | @dI276.5@e16@f1@b75071@b75073@f1@f1@b32869@f1@b32871 | |
| 神话选译百题/袁珂选译.-上海:上海古籍出版社,1980.08 |
| 296页:插图;19cm |
| ISBN :CNY0.76 |
| ● |
| 相关链接 |
|
|
|
|
正题名:神话选译百题
索取号:I276.5/16
 
预约/预借
| 序号 | 登录号 | 条形码 | 馆藏地/架位号 | 状态 | 备注 |
| 1 | 0032867 | 001713239 | 密集书库/ [索取号:I276.5/16] | 在馆 | |
| 2 | 0032868 | 001794080 | 密集书库/ [索取号:I276.5/16] | 在馆 | |
| 3 | 0032869 | 001850820 | 密集书库/ [索取号:I276.5/16] | 在馆 | |
| 4 | 0032871 | 001850811 | 密集书库/ [索取号:I276.5/16] | 在馆 | |
| 5 | 0032872 | 001711213 | 密集书库/ [索取号:I276.5/16] | 在馆 | |
| 6 | 0032873 | 001832958 | 密集书库/ [索取号:I276.5/16] | 在馆 | |
| 7 | 0032877 | 001794160 | 密集书库/ [索取号:I276.5/16] | 在馆 | |
| 8 | 0032878 | 001713248 | 密集书库/ [索取号:I276.5/16] | 在馆 | |
| 9 | 0032879 | 001711259 | 密集书库/ [索取号:I276.5/16] | 在馆 | |
| 10 | 0032880 | 001784411 | 密集书库/ [索取号:I276.5/16] | 在馆 | |
| 11 | 0075071 | 001850795 | 密集书库/ [索取号:I276.5/16] | 在馆 | |
| 12 | 0075073 | 001850802 | 密集书库/ [索取号:I276.5/16] | 在馆 | |
| 13 | 0468277 | 204682771 | 密集书库/ [索取号:I276.5/16] | 在馆 | |
| 14 | 0468278 | 204682780 | 密集书库/ [索取号:I276.5/16] | 在馆 | |
| 15 | 0786359 | 207863597 | 密集书库/ [索取号:I276.5/16] | 在馆 |